Pokemon used by villain teams - Statistics

General Stats
  • This quiz has been taken 79 times
    71 since last reset
  • The average score is 192 of 257
Answer Stats
Character Gen Type Answer % Correct
Giovanni 1 Normal Persian
95%
Jessie/James 1 Poison Arbok
92%
Ariana 1 Poison Arbok
92%
Giovanni 4 Dark/Flying Honchkrow
92%
Cyrus 4 Dark/Flying Honchkrow
92%
Lysandre 4 Dark/Flying Honchkrow
92%
Giacamo 4 Dark/Flying Honchkrow
92%
Giovanni 1 Poison/Ground Nidoking
92%
Giovanni 1 Ground/Rock Rhydon
92%
Charm 1 Ground/Rock Rhydon
92%
Maxie 2 Poison/Flying Crobat
89%
Tabitha 2 Poison/Flying Crobat
89%
Archie 2 Poison/Flying Crobat
89%
Cyrus 2 Poison/Flying Crobat
89%
Xerosic 2 Poison/Flying Crobat
89%
Plumeria 2 Poison/Flying Crobat
89%
Archer 1 Poison/Flying Golbat
89%
Proton 1 Poison/Flying Golbat
89%
Maxie 1 Poison/Flying Golbat
89%
Tabitha 1 Poison/Flying Golbat
89%
Archie 1 Poison/Flying Golbat
89%
Matt 1 Poison/Flying Golbat
89%
Cyrus 1 Poison/Flying Golbat
89%
Saturn 1 Poison/Flying Golbat
89%
Mars 1 Poison/Flying Golbat
89%
Jupiter 2 Poison/Flying Golbat
89%
Plumeria 1 Poison/Flying Golbat
89%
Archer 2 Dark/Fire Houndoom
89%
Cyrus 2 Dark/Fire Houndoom
89%
Mable 2 Dark/Fire Houndoom
89%
Mela 2 Dark/Fire Houndoom
89%
Jessie/James 1 Normal Meowth
89%
Giovanni 1 Poison/Ground Nidoqueen
89%
Giovanni 1 Ground/Rock Rhyhorn
89%
Jessie/James 1 Poison Ekans
87%
Giovanni 1 Rock/Ground Golem
87%
Cyrus 1 Water/Flying Gyarados
87%
Lysandre 1 Water/Flying Gyarados
87%
Colress 1 Steel/Electric Magneton
87%
Colress 4 Electric/Steel Magnezone
87%
Ghetsis 5 Dragon/Fire Reshiram
87%
N 5 Dragon/Fire Reshiram
87%
Jessie/James 1 Poison Weezing
87%
Archera 1 Poison Weezing
87%
Petrel 1 Poison Weezing
87%
Proton 1 Poison Weezing
87%
Maxie 1 Poison Weezing
87%
Petrel 1 Poison/Flying Zubat
87%
Proton 1 Poison/Flying Zubat
87%
Maxie 1 Poison/Flying Zubat
87%
Tabitha 1 Poison/Flying Zubat
87%
Mars 1 Poison/Flying Zubat
87%
Jupiter 1 Poison/Flying Zubat
87%
Plumeria 1 Poison/Flying Zubat
87%
Jessie/James 1 Poison Koffing
84%
Archer 1 Poison Koffing
84%
Petrel 1 Poison Koffing
84%
Proton 1 Poison Koffing
84%
Tabitha 1 Poison Koffing
84%
Colress 1 Steel/Electric Magnemite
84%
Cyrus 4 Dark/Ice Weavile
84%
Zinzolin 4 Dark/Ice Weavile
84%
Mable 4 Dark/Ice Weavile
84%
Ghetsis 5 Steel/Dark Bisharp
82%
Shadow Triad 5 Steel/Dark Bisharp
82%
Byrony 5 Steel/Dark Bisharp
82%
Maxie 3 Fire/Ground Camerupt
82%
Courtney 3 Fire/Ground Camerupt
82%
Tabitha 3 Fire/Ground Camerupt
82%
Giovanni 1 Ground Dugtrio
82%
Archer 2 Dark/Fire Houndour
82%
Giovanni 5 Ground/Dark Krookodile
82%
Giacamo 5 Ground/Dark Krookodile
82%
Giovanni 1 Psychic Mewtwo
82%
Ariana 1 Poison Muk
82%
Archie 1 Poison Muk
82%
Plumeria 7 Poison/Dark Muk
82%
Atticus 1 Poison Muk
82%
Giovanni 1 Rock/Ground Onix
82%
Cyrus 4 Water/Dragon Palkia
82%
Giovanni 4 Ground/Rock Rhyperior
82%
Archie 3 Water/Dark Sharpedo
82%
Matt 3 Water/Dark Sharpedo
82%
Shelly 3 Water/Dark Sharpedo
82%
Cyrus 2 Dark/Ice Sneasel
82%
Zinzolin 2 Dark/Ice Sneasel
82%
Saturn 4 Poison/Fighting Toxicroak
82%
Ghetsis 4 Poison/Fighting Toxicroak
82%
Coin 4 Poison/Fighting Toxicroak
82%
Eri 4 Poison/Fighting Toxicroak
82%
Ghetsis 5 Dragon/Electric Zekrom
82%
N 5 Dragon/Electric Zekrom
82%
N 5 Rock/Flying Archeops
79%
N 5 Water/Rock Carracosta
79%
Cyrus 4 Steel/Dragon Dialga
79%
Giovanni 4 Dragon/Ground Garchomp
79%
Ghetsis 5 Dragon/Dark Hydreigon
79%
N 5 Electric/Bug Joltik
79%
N 5 Steel Klink
79%
Colress 5 Steel Klink
79%
N 5 Steel Klinklang
79%
Colress 5 Steel Klinklang
79%
Rose 5 Steel Klinklang
79%
Maxie 3 Dark Mightyena
79%
Courtney 3 Dark Mightyena
79%
Tabitha 3 Dark Mightyena
79%
Archie 3 Dark Mightyena
79%
Matt 3 Dark Mightyena
79%
Shelly 3 Dark Mightyena
79%
Aliana 3 Dark Mightyena
79%
Ariana 2 Dark/Flying Murkrow
79%
Cyrus 2 Dark/Flying Murkrow
79%
Lysandre 2 Dark/Flying Murkrow
79%
Shadow Triad 5 Steel/Dark Pawniard
79%
Giacamo 5 Steel/Dark Pawniard
79%
Mars 4 Steel/Psychic Bronzong
76%
Jupiter 4 Steel/Psychic Bronzong
76%
Matt 3 Water/Dark Carvanha
76%
Shelly 3 Water/Dark Carvanha
76%
Ghetsis 5 Ghost Cofagrigus
76%
Zinzolin 5 Ice Cryogonal
76%
Sada 9 Ghost/Fairy Flutter Mane
76%
Oleana 4 Ice/Ghost Froslass
76%
Plumeria 1 Ghost/Poison Gengar
76%
Charm 1 Ghost/Posion Gengar
76%
Saturn 1 Psychic Kadabra
76%
Colress 3 Steel/Psychic Metagross
76%
Colress 3 Steel/Psychic Metang
76%
Giovanni 1 Poison Nidorino
76%
Courtney 3 Fire/Ground Numel
76%
Tabitha 3 Fire/Ground Numel
76%
Tabitha 3 Dark Poochyena
76%
Matt 3 Dark Poochyena
76%
Mars 4 Normal Purugly
76%
N 5 Ground/Dark Sandile
76%
Ariana 1 Grass/Poison Vileplume
76%
N 5 Dark Zoroark
76%
Clover 4 Ice/Grass Abomasnow
74%
Faba 1 Psychic Alakazam
74%
Lusamine 7 Fighting/Normal Bewear
74%
Saturn 4 Steel/Psychic Bronzor
74%
Mars 4 Steel/Psychic Bronzor
74%
Jupiter 4 Steel/Psychic Bronzor
74%
N 5 Steel/Grass Ferroseed
74%
Maxie 3 Ground Groudon
74%
Archie 3 Water Kyogre
74%
Archer 1 Fire Magmar
74%
Xerosic 6 Dark/Psychic Malamar
74%
Piers 6 Dark/Psychic Malamar
74%
N 5 Normal/Flying Pidove
74%
Lysandre 6 Fire/Normal Pyroar
74%
Petrel 1 Normal Raticate
74%
Giovanni 1 Ground Sandslash
74%
Ghetsis 5 Water/Ground Seismitoad
74%
Lysandre 6 Dark/Flying Yveltal
74%
Guzma 2 Bug/Poison Ariados
71%
N 5 Rock Boldore
71%
N 5 Fire Darumaka
71%
Archer 1 Electric Electrode
71%
Giovanni 4 Ground/Flying Gliscor
71%
Ariana 1 Grass/Poison Gloom
71%
Shelly 1 Poison Grimer
71%
Giovanni 4 Ground Hippowdon
71%
Penny 1 Electric Jolteon
71%
Penny 4 Grass Leafeon
71%
Lysandre 5 Fighting Mienshao
71%
N 5 Dark Purrloin
71%
N 5 Fighting/Dark Scraggy
71%
N 5 Psychic/Flying Sigilyph
71%
Jupiter 4 Poison/Dark Skuntank
71%
Piers 4 Poison/Dark Skuntank
71%
Atticus 4 Poison/Dark Skuntank
71%
Penny 6 Fairy Sylveon
71%
Lysandre 6 Fairy Xerneas
71%
Shadow Triad 3 Ghost Banette
68%
Lusamine 1 Fairy Clefable
68%
Ghetsis 4 Poison/Dark Drapion
68%
Celosia 4 Poison/Dark Drapion
68%
Ghetsis 5 Electric Eelektross
68%
Penny 1 Fire Flareon
68%
Guzma 7 Bug/Water Golisopod
68%
Faba 1 Psychic Hypno
68%
Giovanni 1 Normal Kangaskhan
68%
Byrony 5 Dark Liepard
68%
Celosia 3 Electric Manectric
68%
Lusamine 4 Ghost Mismagius
68%
Piers 8 Dark/Normal Obstagoon
68%
Colress 4 Electric/Water Rotom
68%
Plumeria 7 Poison/Fire Salazzle
68%
Oleana 7 Poison/Fire Salazzle
68%
Guzma 2 Bug/Steel Scizor
68%
N 5 Fighting Timburr
68%
Mela 3 Fire Torkoal
68%
N 5 Water Tympole
68%
Penny 2 Dark Umbreon
68%
N 5 Ice Vanilluxe
68%
Guzma 7 Bug/Electric Vikavolt
68%
Shadow Triad 3 Dark Absol
66%
Shadow Triad 5 Bug Accelgor
66%
Mela 1 Fire Arcanine
66%
Ortega 2 Water/Fairy Azumarill
66%
Colress 5 Psychic Beheeyem
66%
Ghetsis 5 Normal Bouffalant
66%
Faba 3 Ground/Psychic Claydol
66%
Colress 5 Psychic Elgyem
66%
Rose 5 Steel/Grass Ferrothorn
66%
Lusamine 3 Water Milotic
66%
Oleana 3 Water Milotic
66%
Plumeria 7 Poison/Fire Salandit
66%
Piers 5 Fighting/Dark Scrafty
66%
Penny 1 Water Vaporeon
66%
Mela 8 Rock/Fire Coalossal
63%
Aliana 5 Dragon Druddigon
63%
Rose 5 Bug/Steel Escavalier
63%
Lusamine 5 Grass Lilligant
63%
Eri 4 Fighting/Steel Lucario
63%
Giovanni 1 Ground Marowak
63%
Lysandre 5 Fighting Mienfoo
63%
Guzma 1 Bug Pinsir
63%
Faba 1 Water/Psychic Slowbro
63%
Plumeria 7 Poison/Water Toxapex
63%
Atticus 7 Poison/Water Toxapex
63%
Piers 8 Electric/Poison Toxtricity
63%
Ortega 1 Fairy/Normal Wigglytuff
63%
Giacamo 3 Grass/Dark Cacturne
61%
Rose 8 Steel Copperajah
61%
Oleana 5 Poison Garbodor
61%
Giacamo 9 Steel/Dark Kingambit
61%
Guzma 3 Bug/Flying Masquerain
61%
Faba 7 Water/Psychic Bruxish
58%
Atticus 6 Poison/Dragon Dragalge
58%
Ortega 8 Psychic/Fairy Hatterene
58%
Turo 9 Fighting/Electric Iron Hands
58%
Turo 9 Fairy/Fighting Iron Valiant
58%
Sada 9 Dragon/Fighting Koraidon
58%
Turo 9 Dragon/Electric Miraidon
58%
Faba 7 Electric/Psychic Raichu
58%
Sada 9 Fairy/Psychic Scream Tail
58%
Eri 9 Fighting/Ghost Annihilape
55%
Sada 9 Grass/Dark Brute Bonnet
55%
Turo 9 Fire/Poison Iron Moth
55%
Lusamine 4 Normal Lopunny
55%
Eri 1 Fighting Primeape
55%
Sada 9 Dragon/Dark Roaring Moon
55%
Sada 9 Bug/Fighting Slither Wing
55%
Turo 9 Dark/Flying Iron Jugulis
53%
Ortega 6 Steel/Fairy Klefki
53%
Sada 9 Electric/Ground Sandy Shocks
53%
Turo 9 Ice/Water Iron Bundle
50%
Turo 9 Rock/Electric Iron Thorns
47%
Atticus 9 Steel/Poison Revavroom
47%
Oleana 7 Grass Tsareena
47%
Mela 9 Fire/Psychic Armarouge
45%
Ortega 9 Fairy Dachsbun
37%
Giacamo 9 Dark Mabosstiff
34%
Eri 7 Fighting Passimian
34%
Rose 8 Steel Perrserker
26%
No matching quizzes found
Score Distribution
Percent of People with Each Score
Percentile by Number Answered
Your Score History
You have not taken this quiz since the last reset